[Event "EU-Cup 25th"]
[Site "Ohrid"]
[Date "2009.10.06"]
[Round "3.5"]
[White "Hammes, Michael"]
[Black "Vucinic, Pero"]
[Result "1/2-1/2"]
[WhiteElo "2379"]
[BlackElo "2240"]
[PlyCount "135"]
[EventDate "2009.10.04"]
[EventType "team-swiss"]
[EventRounds "7"]
[EventCountry "MKD"]
[SourceTitle "CBM 133"]
[Source "ChessBase"]
[SourceDate "2009.11.19"]
[SourceVersion "1"]
[SourceVersionDate "2009.11.19"]
[SourceQuality "1"]
[WhiteTeam "Eynatten"]
[BlackTeam "Podgorica Buducnost"]
[WhiteTeamCountry "BEL"]
[BlackTeamCountry "YUG"]

1. d4 Nf6 2. c4 e6 3. Nc3 d5 4. cxd5 exd5 5. Bg5 Be7 6. e3 0-0 7. Qc2 b6 8. Nf3 Bb7 9. Bd3 h6 10. Bh4 Na6 11. a3 c5 12. 0-0 Nc7 13. Rad1 c4 14. Bf5 b5 15. Bg3 Bd6 16. Be5 a5 17. e4 dxe4 18. Nxe4 Nxe4 19. Bxe4 Bxe4 20. Qxe4 Bxe5 21. dxe5 Qe7 22. Rd6 Rfd8 23. Qd4 Ne8 24. Rxd8 Qxd8 25. Qc5 Rb8 26. Rc1 Qb6 27. Qxb6 Rxb6 28. Kf1 Kf8 29. Ke2 Ke7 30. Ke3 Nc7 31. Nd4 g6 32. Ke4 Ne6 33. Nxe6 Kxe6 34. f4 Rb8 35. Rd1 b4 36. g4 c3 37. f5+ Ke7 38. f6+ Ke8 39. bxc3 bxa3 40. Ra1 Rb3 41. c4 Kd7 42. Rd1+ Ke8 43. c5 a2 44. Ra1 Rb2 45. c6 Rxh2 46. e6 Re2+ 47. Kd5 Rd2+ 48. Ke5 Re2+ 49. Kd5 Rd2+ 50. Ke5 Rc2 51. Kd6 Rd2+ 52. Ke5 Re2+ 53. Kd5 fxe6+ 54. Kd6 Kf7 55. c7 Rd2+ 56. Kc6 Rc2+ 57. Kb7 Rb2+ 58. Ka7 Rc2 59. Kb6 Rb2+ 60. Ka7 Rc2 61. Kb6 Rb2+ 62. Kxa5 Rc2 63. Kb6 Rb2+ 64. Ka7 Rc2 65. Kb7 Rb2+ 66. Ka7 Rc2 67. Kb7 Rb2+ 68. Ka7 1/2-1/2

[Event "MNT-chT"]
[Site "Cetinje"]
[Date "2009.08.21"]
[Round "1.4"]
[White "Vucinic, Pero"]
[Black "Petrovic, Slavko"]
[Result "1/2-1/2"]
[WhiteElo "2226"]
[BlackElo "2109"]
[PlyCount "134"]
[EventDate "2009.08.21"]
[EventType "team-tourn"]
[EventRounds "7"]
[EventCountry "MNE"]
[SourceTitle "CBM 131 Extra"]
[Source "ChessBase"]
[SourceDate "2009.09.03"]
[SourceVersion "2"]
[SourceVersionDate "2009.09.16"]
[SourceQuality "1"]

1. e4 c5 2. c3 Nf6 3. e5 Nd5 4. Nf3 e6 5. d4 cxd4 6. cxd4 Nc6 7. Bc4 Nb6 8. Bb3 d5 9. 0-0 Be7 10. Nc3 0-0 11. Qd3 f5 12. exf6 Bxf6 13. Bc2 g6 14. a3 Nc4 15. b3 Nd6 16. Bb2 Nf5 17. Ne2 Qd6 18. Rad1 Bd7 19. Ng3 Nh4 20. Nxh4 Bxh4 21. Qe3 Qf4 22. Qxf4 Rxf4 23. Ne2 Rf7 24. g3 Bg5 25. Kg2 Rc8 26. f4 Bf6 27. Rd2 Nd8 28. Ng1 Bb5 29. Rff2 Rfc7 30. Nf3 Bd7 31. Bb1 Nf7 32. h4 Nd6 33. Rfe2 Kf7 34. Ne5+ Bxe5 35. fxe5 Ne4 36. Bxe4 dxe4 37. Kf2 Bc6 38. Ke3 Bd5 39. b4 b5 40. Rd1 Kg7 41. Rf2 Rf8 42. Rxf8 Kxf8 43. Rf1+ Rf7 44. Rf4 Rxf4 45. Kxf4 Kg7 46. Bc1 h6 47. Kg4 Bc4 48. Be3 a6 49. Kf4 Bd5 50. Kg4 Kh7 51. Bd2 Kg7 52. Kf4 Kh7 53. g4 Kg7 54. Kg3 Kh7 55. Kf2 Kg7 56. Ke1 Kh7 57. Kd1 Kg7 58. Kc2 Kh7 59. Kb2 Kg7 60. Be3 Kh7 61. Bd2 Kg7 62. a4 Kh7 63. axb5 axb5 64. Kc1 Kg7 65. Be3 Kh7 66. Kd2 Kg7 67. Ke2 Kh7 1/2-1/2

[Event "Cetinje Batricevic Memorial op"]
[Site "Cetinje"]
[Date "2009.08.15"]
[Round "7"]
[White "Djukic, Nikola"]
[Black "Vucinic, Pero"]
[Result "1-0"]
[WhiteElo "2491"]
[BlackElo "2226"]
[PlyCount "49"]
[EventDate "2009.08.09"]
[EventType "swiss"]
[EventRounds "9"]
[EventCountry "MNE"]
[SourceTitle "CBM 131 Extra"]
[Source "ChessBase"]
[SourceDate "2009.09.03"]
[SourceVersion "2"]
[SourceVersionDate "2009.09.16"]
[SourceQuality "1"]

1. d4 d5 2. c4 c6 3. Nc3 Nf6 4. e3 e6 5. Nf3 Bd6 6. Bd3 Nbd7 7. 0-0 0-0 8. e4 dxe4 9. Nxe4 Nxe4 10. Bxe4 Nf6 11. Bc2 c5 12. Bg5 cxd4 13. Qxd4 Be7 14. Qh4 Re8 15. Bxf6 Bxf6 16. Qxh7+ Kf8 17. Ba4 Ke7 18. Rad1 Qc7 19. Bxe8 Kxe8 20. Nd4 a6 21. Rfe1 Qc5 22. Nf5 Qf8 23. Nd6+ Ke7 24. Qd3 Qh8 25. Qa3 1-0

[Event "Cetinje Batricevic Memorial op"]
[Site "Cetinje"]
[Date "2009.08.10"]
[Round "2"]
[White "Vucinic, Pero"]
[Black "Bogut, Zeljko"]
[Result "0-1"]
[WhiteElo "2226"]
[BlackElo "2451"]
[PlyCount "120"]
[EventDate "2009.08.09"]
[EventType "swiss"]
[EventRounds "9"]
[EventCountry "MNE"]
[SourceTitle "CBM 131 Extra"]
[Source "ChessBase"]
[SourceDate "2009.09.03"]
[SourceVersion "2"]
[SourceVersionDate "2009.09.16"]
[SourceQuality "1"]

1. e4 Nf6 2. Nc3 d6 3. d4 c6 4. Nf3 Bg4 5. Be2 e6 6. 0-0 Be7 7. Be3 0-0 8. Nd2 Bxe2 9. Qxe2 d5 10. exd5 cxd5 11. Nd1 Nc6 12. c3 a6 13. f4 Bd6 14. Nf2 b5 15. a3 Na5 16. Ng4 Nc4 17. Nxf6+ Qxf6 18. Nxc4 bxc4 19. Rae1 Rfe8 20. Bc1 g6 21. Qg4 h5 22. Qe2 Qf5 23. Rf2 Rab8 24. Qc2 Qxc2 25. Rxc2 Kf8 26. Kf2 Ke7 27. Kf3 Kd7 28. Rf2 Kc6 29. Ke2 Rh8 30. Kd1 h4 31. Rf3 h3 32. g3 Kd7 33. Rf2 f6 34. Rfe2 Rbe8 35. Re3 g5 36. Rf3 g4 37. Rff1 Rh5 38. Re2 Rf5 39. Ref2 Rh5 40. Re2 Rf5 41. Ref2 Rh8 42. Bd2 Rh7 43. Bc1 e5 44. Be3 Ke6 45. fxe5 Rxf2 46. Rxf2 fxe5 47. dxe5 Bxe5 48. Bf4 Bf6 49. Re2+ Kf5 50. Bd6 d4 51. cxd4 Bxd4 52. Rc2 Rd7 53. Bb4 Ke4 54. Ke2 Rf7 55. Be1 Kd5 56. Rd2 Rb7 57. Bf2 Rxb2 58. Rxb2 Bxb2 59. a4 Ke4 60. Bc5 c3 0-1

[Event "MNT CupT"]
[Site "Montenegro"]
[Date "2009.04.26"]
[Round "3"]
[White "Perovic, Vladimir"]
[Black "Vucinic, Pero"]
[Result "1/2-1/2"]
[WhiteElo "2139"]
[BlackElo "2247"]
[PlyCount "89"]
[EventDate "2009.04.05"]
[EventType "team"]
[EventRounds "5"]
[EventCountry "MNE"]
[SourceTitle "EXT 2019"]
[Source "ChessBase"]
[SourceDate "2018.10.10"]
[SourceVersion "1"]
[SourceVersionDate "2018.10.10"]
[SourceQuality "1"]

1. e4 e6 2. d4 d5 3. e5 c5 4. c3 Nc6 5. Nf3 Qb6 6. a3 Bd7 7. b4 cxd4 8. cxd4 Nge7 9. Nc3 Nf5 10. Na4 Qc7 11. Bb2 b6 12. Rc1 Qd8 13. Bd3 g6 14. 0-0 Bh6 15. b5 Na5 16. Rc2 0-0 17. g4 Ng7 18. Bc1 Bxc1 19. Qxc1 f5 20. Qh6 Qe7 21. Ng5 Ne8 22. gxf5 exf5 23. f4 Nb3 24. Nc3 Nxd4 25. Rg2 Nc7 26. Nxd5 Nxd5 27. Bc4 Be6 28. Rd1 Ne3 29. Nxe6 Nxc4 30. Nxf8 Nf3+ 31. Kf2 Rxf8 32. Kxf3 Qxa3+ 33. Kf2 Qe3+ 34. Kf1 Qf3+ 35. Ke1 Qxg2 36. Rd7 Qg1+ 37. Ke2 Qe3+ 38. Kd1 Nb2+ 39. Kc2 Rc8+ 40. Kb1 Qe1+ 41. Ka2 Qa5+ 42. Kb1 Qe1+ 43. Ka2 Qa5+ 44. Kb1 Qe1+ 45. Ka2 1/2-1/2

[Event "EU-ch 10th"]
[Site "Budva"]
[Date "2009.03.16"]
[Round "10"]
[White "Vucinic, Pero"]
[Black "Stanford, Maxim Barth"]
[Result "1/2-1/2"]
[WhiteElo "2257"]
[BlackElo "2437"]
[PlyCount "84"]
[EventDate "2009.03.06"]
[EventType "swiss"]
[EventRounds "11"]
[EventCountry "MNE"]
[SourceTitle "CBM 130"]
[Source "ChessBase"]
[SourceDate "2009.05.20"]
[SourceVersion "1"]
[SourceVersionDate "2009.05.20"]
[SourceQuality "1"]

1. e4 c5 2. c3 b6 3. d4 Bb7 4. Bd3 Nf6 5. Qe2 e6 6. Nf3 Be7 7. 0-0 d6 8. Rd1 Qc7 9. Nbd2 Nbd7 10. Nf1 h6 11. Ng3 a6 12. h3 b5 13. Bd2 c4 14. Bc2 Nb6 15. Nh2 h5 16. f4 h4 17. Ngf1 d5 18. e5 Ne4 19. Ng4 0-0-0 20. Nf2 Nxf2 21. Qxf2 g6 22. Nh2 Bc6 23. Nf3 Kb7 24. Ng5 Rdf8 25. Qe2 Qd8 26. Rf1 Nc8 27. Qg4 Bxg5 28. fxg5 Ne7 29. Rf6 Ng8 30. Rff1 Ne7 31. Be1 Nf5 32. Bxf5 gxf5 33. Qf4 Rh5 34. Bxh4 Rfh8 35. g3 Qg8 36. Kh2 Qg6 37. Rg1 R5h7 38. Raf1 Rc8 39. Rb1 Bd7 40. Qf3 Kb6 41. Qf2 Qh5 42. Rg2 Rch8 1/2-1/2

[Event "EU-ch 10th"]
[Site "Budva"]
[Date "2009.03.14"]
[Round "8"]
[White "Vucinic, Pero"]
[Black "Petovic, Luka"]
[Result "1-0"]
[WhiteElo "2257"]
[BlackElo "2052"]
[PlyCount "105"]
[EventDate "2009.03.06"]
[EventType "swiss"]
[EventRounds "11"]
[EventCountry "MNE"]
[SourceTitle "CBM 130"]
[Source "ChessBase"]
[SourceDate "2009.05.20"]
[SourceVersion "1"]
[SourceVersionDate "2009.05.20"]
[SourceQuality "1"]

1. e4 c5 2. c3 d6 3. d4 Nf6 4. Bd3 e5 5. Ne2 g6 6. 0-0 Bg7 7. Na3 0-0 8. Bg5 h6 9. Bh4 exd4 10. cxd4 cxd4 11. Nxd4 Qb6 12. Nb3 Be6 13. Rc1 Nc6 14. Nc4 Qb4 15. f3 d5 16. a3 Qa4 17. exd5 Nxd5 18. Bf2 Nf4 19. Nc5 Qxd1 20. Rfxd1 Bxc4 21. Rxc4 Nxd3 22. Nxd3 Rad8 23. Rcc1 Rfe8 24. Kf1 Re7 25. b4 Red7 26. Ke2 a6 27. Bb6 Re8+ 28. Kf1 Nd4 29. Bxd4 Rxd4 30. Nc5 Re7 31. Ne4 f5 32. Nc5 Kf7 33. Kf2 g5 34. g3 Bf6 35. Nd3 f4 36. gxf4 gxf4 37. Nc5 h5 38. Ne4 Red7 39. Rxd4 Bxd4+ 40. Ke2 Bb2 41. Rb1 Bxa3 42. Nc5 Rd4 43. Nd3 a5 44. bxa5 Ra4 45. Rxb7+ Kf6 46. Rb5 Kg6 47. Kd2 Be7 48. Kc3 Bf6+ 49. Kb3 Rd4 50. Nb4 Rd2 51. a6 Rd8 52. a7 Ra8 53. Nc6 1-0

[Event "EU-ch 10th"]
[Site "Budva"]
[Date "2009.03.12"]
[Round "7"]
[White "Papp, Petra"]
[Black "Vucinic, Pero"]
[Result "1-0"]
[WhiteElo "2134"]
[BlackElo "2257"]
[PlyCount "125"]
[EventDate "2009.03.06"]
[EventType "swiss"]
[EventRounds "11"]
[EventCountry "MNE"]
[SourceTitle "CBM 130"]
[Source "ChessBase"]
[SourceDate "2009.05.20"]
[SourceVersion "1"]
[SourceVersionDate "2009.05.20"]
[SourceQuality "1"]

1. e4 e6 2. d4 d5 3. Nc3 Nf6 4. e5 Nfd7 5. f4 c5 6. Nf3 Nc6 7. Be3 Qb6 8. Na4 Qa5+ 9. c3 cxd4 10. b4 Qc7 11. Nxd4 Nxd4 12. Bxd4 Be7 13. Bd3 g6 14. 0-0 0-0 15. Nb2 Nb8 16. Qd2 Nc6 17. Be3 Rd8 18. Rac1 b6 19. Qf2 Bb7 20. Bd4 Rac8 21. Qe3 Bf8 22. a3 Qe7 23. Nd1 Qd7 24. Nf2 Nxd4 25. Qxd4 Be7 26. Ng4 Bc6 27. f5 Bb5 28. Nh6+ Kg7 29. f6+ Bxf6 30. exf6+ Kf8 31. Ng4 Bxd3 32. Qxd3 Ke8 33. Ne5 Qd6 34. Rfe1 Rc7 35. Qh3 Rdc8 36. Qxh7 Qf8 37. Qg7 Qxg7 38. fxg7 Ke7 39. Rf1 f5 40. Nxg6+ Kf6 41. Nf4 Rc6 42. Rfe1 Rd6 43. c4 dxc4 44. Rxc4 Rg8 45. Rc7 e5 46. Nh5+ Kg6 47. Ng3 Re6 48. Rxa7 e4 49. Kf2 Kg5 50. Rf7 Re5 51. h4+ Kg6 52. Rb7 Ra8 53. g8Q+ Rxg8 54. Rxb6+ Kf7 55. Rc1 Rd8 56. Rc7+ Kg8 57. Ne2 Red5 58. h5 Rd2 59. h6 f4 60. Rbb7 f3 61. Rg7+ Kf8 62. Rbf7+ Ke8 63. gxf3 1-0

[Event "EU-ch 10th"]
[Site "Budva"]
[Date "2009.03.10"]
[Round "5"]
[White "Pecurica, Milos"]
[Black "Vucinic, Pero"]
[Result "1-0"]
[WhiteElo "1934"]
[BlackElo "2257"]
[PlyCount "105"]
[EventDate "2009.03.06"]
[EventType "swiss"]
[EventRounds "11"]
[EventCountry "MNE"]
[SourceTitle "CBM 130"]
[Source "ChessBase"]
[SourceDate "2009.05.20"]
[SourceVersion "1"]
[SourceVersionDate "2009.05.20"]
[SourceQuality "1"]

1. d4 Nf6 2. c4 e6 3. Nc3 d5 4. cxd5 exd5 5. Bg5 Be7 6. Qc2 0-0 7. e3 c6 8. Bd3 h6 9. Bh4 Re8 10. Nge2 Nbd7 11. 0-0 Nf8 12. f3 Ne6 13. Kh1 b6 14. Rad1 Bb7 15. Bf5 Nc7 16. e4 Bc8 17. e5 Bxf5 18. Qxf5 Nd7 19. Bxe7 Qxe7 20. f4 b5 21. Ng3 Qe6 22. Qh5 f6 23. Nf5 fxe5 24. Qg4 Re7 25. Nxe7+ Qxe7 26. fxe5 Ne6 27. Ne2 Ndf8 28. Ng3 Qg5 29. Qxg5 hxg5 30. Nf5 Re8 31. Rc1 Nd8 32. Rf3 Nfe6 33. Nd6 Re7 34. Rd1 a5 35. Kg1 Nf4 36. g3 Nfe6 37. Kf2 g4 38. Rc3 g6 39. Ke3 Rh7 40. Rc2 Re7 41. Rf1 Kg7 42. Rfc1 Ra7 43. Ne8+ Kf8 44. Nf6 Ra6 45. Nxg4 a4 46. Nf6 Ke7 47. h4 b4 48. g4 b3 49. axb3 axb3 50. Rc3 Ra4 51. Rd1 Rb4 52. Rdd3 c5 53. Nxd5+ 1-0

[Event "EU-ch 10th"]
[Site "Budva"]
[Date "2009.03.07"]
[Round "2"]
[White "Vucinic, Pero"]
[Black "Stojanovic, Dalibor"]
[Result "1/2-1/2"]
[WhiteElo "2257"]
[BlackElo "2469"]
[PlyCount "106"]
[EventDate "2009.03.06"]
[EventType "swiss"]
[EventRounds "11"]
[EventCountry "MNE"]
[SourceTitle "CBM 130"]
[Source "ChessBase"]
[SourceDate "2009.05.20"]
[SourceVersion "1"]
[SourceVersionDate "2009.05.20"]
[SourceQuality "1"]

1. e4 e5 2. Nf3 Nc6 3. Bc4 Nf6 4. d3 Be7 5. 0-0 0-0 6. c3 d6 7. Bb3 h6 8. Nbd2 Nh7 9. Nc4 Bf6 10. Ne3 Ne7 11. d4 Bd7 12. Qe2 c6 13. Rd1 Qc7 14. Nf1 Ng6 15. Ng3 Rae8 16. dxe5 Bxe5 17. Nxe5 Nxe5 18. Bf4 Be6 19. Bxe5 dxe5 20. Qe3 b6 21. Rd2 Nf6 22. Rad1 Rd8 23. Bxe6 fxe6 24. Rxd8 Rxd8 25. Rxd8+ Qxd8 26. Qe2 b5 27. h3 a5 28. Nf1 a4 29. Qd2 Qe7 30. Qd3 Nh5 31. g3 Nf6 32. Nd2 Nd7 33. Kf1 Nc5 34. Qe3 Qd6 35. Ke2 Nd7 36. Qd3 Qc7 37. b4 axb3 38. axb3 Nc5 39. Qe3 Qd6 40. b4 Na4 41. Qd3 Qc7 42. Qc2 c5 43. Qb3 c4 44. Qc2 Qd6 45. Nf1 Qc6 46. Ne3 Qe8 47. Kf1 Qc6 48. Ke2 h5 49. g4 g6 50. f3 Kf7 51. Qd2 Ke8 52. Nd1 hxg4 53. hxg4 Qd7 1/2-1/2

[Event "MNT-chT"]
[Site "Herceg Novi"]
[Date "2008.08.25"]
[Round "1"]
[White "Ceranic, Miodrag"]
[Black "Vucinic, Pero"]
[Result "0-1"]
[WhiteElo "2138"]
[BlackElo "2252"]
[PlyCount "56"]
[EventDate "2008.08.25"]
[EventType "team-tourn"]
[EventRounds "7"]
[EventCountry "MNE"]
[SourceTitle "CBM 126 Extra"]
[Source "ChessBase"]
[SourceDate "2008.11.05"]
[SourceVersion "1"]
[SourceVersionDate "2008.11.05"]
[SourceQuality "1"]

1. e4 e6 2. d4 d5 3. exd5 exd5 4. Qf3 Nf6 5. h3 Qe7+ 6. Ne2 Nc6 7. c3 Ne4 8. Be3 f5 9. Nf4 Qf7 10. h4 Bd6 11. Nd2 0-0 12. Nxd5 Nxd2 13. Bxd2 Re8+ 14. Kd1 Be6 15. Ne3 f4 16. d5 fxe3 17. dxe6 Qxf3+ 18. gxf3 exd2 19. Kxd2 Rad8 20. Kc2 Bf4 21. Re1 Rd2+ 22. Kb1 Rxf2 23. Bc4 Ne7 24. Rd1 Rxf3 25. Rd7 Bd6 26. h5 Rf4 27. Bd3 Ref8 28. Rg1 Rh4 0-1

[Event "Bar op"]
[Site "Bar"]
[Date "2007.04.03"]
[Round "5"]
[White "Vucinic, Pero"]
[Black "Anastasijevic, Marko"]
[Result "1-0"]
[WhiteElo "2259"]
[BlackElo "1732"]
[PlyCount "69"]
[EventDate "2007.03.30"]
[EventType "swiss"]
[EventRounds "9"]
[EventCountry "YUG"]
[SourceTitle "CBM 117 Extra"]
[Source "ChessBase"]
[SourceDate "2007.05.09"]
[SourceVersion "1"]
[SourceVersionDate "2007.05.09"]
[SourceQuality "1"]

1. e4 c5 2. c3 Nf6 3. e5 Nd5 4. d4 cxd4 5. Nf3 d6 6. cxd4 Nc6 7. Bc4 Nb6 8. Bb5 d5 9. 0-0 Bg4 10. h3 Bd7 11. Nc3 e6 12. a3 Be7 13. Bd3 Rc8 14. Qc2 h6 15. Qd1 a6 16. Ne2 Na7 17. Re1 Bb5 18. Bb1 Na4 19. Bc2 Qd7 20. b3 Bxe2 21. Qxe2 Qc7 22. Bd3 Nc3 23. Qb2 Qb6 24. a4 0-0 25. Bd2 Bb4 26. Rac1 Qa5 27. Re3 b5 28. axb5 Ba3 29. Qa1 axb5 30. Rxc3 Rxc3 31. Qxc3 b4 32. Qa1 Rc8 33. Re1 Nb5 34. Bxb5 Qxb5 35. Qb1 1-0

[Event "Belgrade-chT"]
[Site "Belgrade"]
[Date "2007.??.??"]
[Round "8"]
[White "Govedarica, Radovan"]
[Black "Vucinic, Pero"]
[Result "1-0"]
[WhiteElo "2385"]
[BlackElo "2260"]
[PlyCount "87"]
[EventDate "2007.10.??"]
[EventType "team-tourn"]
[EventRounds "9"]
[EventCountry "YUG"]
[SourceTitle "EXT 2010"]
[Source "ChessBase"]
[SourceDate "2010.11.25"]
[SourceVersion "1"]
[SourceVersionDate "2010.11.25"]
[SourceQuality "1"]

1. e4 e6 2. d4 d5 3. Nc3 dxe4 4. Nxe4 Be7 5. Nf3 Nd7 6. Bd3 Ngf6 7. Qe2 0-0 8. Bg5 c5 9. dxc5 Nxc5 10. Nxc5 Qa5+ 11. c3 Qxc5 12. 0-0 Nd5 13. Bxe7 Qxe7 14. Qe4 Nf6 15. Qh4 Re8 16. Ne5 g6 17. Bb5 Bd7 18. Be2 Nd5 19. Qxe7 Rxe7 20. Bf3 Be8 21. Bxd5 exd5 22. Rfe1 Bd7 23. Nf3 Rae8 24. Rxe7 Rxe7 25. Nd4 Kf8 26. f3 Re5 27. Kf2 Ke7 28. Re1 Kd6 29. Rxe5 Kxe5 30. Ke3 f6 31. f4+ Kd6 32. b4 Be8 33. Nf3 Bb5 34. Nd4 Bf1 35. g3 Bc4 36. a3 b6 37. Nc2 Kc6 38. Ne1 Kd6 39. Nf3 Ba2 40. h4 Ke6 41. g4 Kd6 42. g5 f5 43. h5 Ke6 44. h6 1-0

[Event "Belgrade-chT"]
[Site "Belgrade"]
[Date "2007.??.??"]
[Round "7"]
[White "Vucinic, Pero"]
[Black "Jovanovic, Sasa M"]
[Result "0-1"]
[WhiteElo "2260"]
[BlackElo "2325"]
[PlyCount "56"]
[EventDate "2007.10.??"]
[EventType "team-tourn"]
[EventRounds "9"]
[EventCountry "YUG"]
[SourceTitle "EXT 2010"]
[Source "ChessBase"]
[SourceDate "2010.11.25"]
[SourceVersion "1"]
[SourceVersionDate "2010.11.25"]
[SourceQuality "1"]

1. e4 e5 2. Nf3 Nc6 3. d4 exd4 4. Nxd4 Bc5 5. Be3 Qf6 6. c3 Nge7 7. Bc4 Ne5 8. Be2 d5 9. f4 Ng4 10. Bxg4 Qh4+ 11. Bf2 Qxg4 12. Qxg4 Bxg4 13. Nb5 Bxf2+ 14. Kxf2 0-0-0 15. Re1 dxe4 16. Rxe4 Nc6 17. h3 Bf5 18. Re1 Rhe8 19. N5a3 Re4 20. Rxe4 Bxe4 21. Ke2 Re8 22. Nd2 Bxg2+ 23. Kf2 Bxh3 24. Nac4 Bf5 25. Ne5 Bd3 26. Ndf3 f6 27. Rg1 Re7 28. Nh4 Rd7 0-1

[Event "MNT-chT 1st"]
[Site "Herceg Novi"]
[Date "2006.09.25"]
[Round "4"]
[White "Kosic, Dragan"]
[Black "Vucinic, Pero"]
[Result "1/2-1/2"]
[WhiteElo "2506"]
[BlackElo "2254"]
[PlyCount "110"]
[EventDate "2006.09.22"]
[EventType "team-tourn"]
[EventRounds "11"]
[EventCountry "MNE"]
[SourceTitle "CBM 114 Extra"]
[Source "ChessBase"]
[SourceDate "2006.11.03"]
[SourceVersion "1"]
[SourceVersionDate "2006.11.03"]
[SourceQuality "1"]

1. d4 Nf6 2. Bg5 d5 3. e3 e6 4. Nd2 Be7 5. Bd3 0-0 6. f4 c5 7. c3 b6 8. Qf3 Bb7 9. Nh3 Nbd7 10. Nf2 a5 11. h4 Ba6 12. Bc2 b5 13. Nh3 b4 14. Kf2 Rc8 15. Rhe1 Qb6 16. Rab1 Rc7 17. Rec1 Rfc8 18. Qd1 h6 19. Bxf6 Bxf6 20. Nf3 Rc6 21. Ba4 Bb5 22. Bxb5 Qxb5 23. Nhg1 Nb6 24. Ne2 R8c7 25. g4 cxd4 26. cxd4 Rxc1 27. Rxc1 Rxc1 28. Qxc1 Qc4 29. b3 Qxc1 30. Nxc1 Bd8 31. Nd3 Nc8 32. g5 Nd6 33. Nc5 Bb6 34. Na4 Bc7 35. Ke2 Kf8 36. Nc5 Ke8 37. Ne5 Nb5 38. g6 Bxe5 39. gxf7+ Kxf7 40. dxe5 Nc3+ 41. Kd3 Nxa2 42. Nb7 g5 43. fxg5 hxg5 44. hxg5 Kg6 45. Nxa5 Kxg5 46. Nc6 Kf5 47. Kd4 Nc1 48. Na5 Na2 49. Nb7 Nc1 50. Nc5 Ne2+ 51. Kd3 Nc3 52. Na6 Na2 53. Kd4 Nc1 54. Nc5 Ne2+ 55. Kd3 Nc3 1/2-1/2

[Event "Bar Sozina op"]
[Site "Bar"]
[Date "2006.03.19"]
[Round "2"]
[White "Arsovic, Zoran"]
[Black "Vucinic, Pero"]
[Result "1-0"]
[WhiteElo "2417"]
[BlackElo "2273"]
[PlyCount "51"]
[EventDate "2006.03.18"]
[EventType "swiss"]
[EventRounds "9"]
[EventCountry "YUG"]
[SourceTitle "CBM 111 Extra"]
[Source "ChessBase"]
[SourceDate "2006.05.09"]
[SourceVersion "1"]
[SourceVersionDate "2006.05.09"]
[SourceQuality "1"]

1. Nf3 Nf6 2. c4 e6 3. g3 b6 4. Bg2 Bb7 5. 0-0 Be7 6. d4 0-0 7. Nc3 d5 8. Ne5 Nbd7 9. Qa4 Nb8 10. cxd5 exd5 11. Bf4 a6 12. Rfd1 c6 13. Rac1 b5 14. Qb3 Nbd7 15. e4 Nb6 16. exd5 cxd5 17. a4 b4 18. a5 Nc8 19. Na4 Qxa5 20. Nc5 Qb6 21. Ned7 Nxd7 22. Nxd7 Qb5 23. Nxf8 Bxf8 24. Rc7 Ne7 25. Bd6 Re8 26. Qxb4 1-0

[Event "Belgrade Trophy 18th"]
[Site "Obrenovac"]
[Date "2005.11.29"]
[Round "8"]
[White "Rakic, Marija"]
[Black "Vucinic, Pero"]
[Result "1/2-1/2"]
[WhiteElo "2057"]
[BlackElo "2296"]
[PlyCount "80"]
[EventDate "2005.11.22"]
[EventType "swiss"]
[EventRounds "9"]
[EventCountry "YUG"]
[SourceTitle "CBM 109 Extra"]
[Source "ChessBase"]
[SourceDate "2006.01.03"]
[SourceVersion "2"]
[SourceVersionDate "2006.01.03"]
[SourceQuality "1"]

1. d4 Nf6 2. c4 e6 3. Nf3 d5 4. Nc3 Be7 5. Bg5 0-0 6. e3 b6 7. Qc2 Bb7 8. Bxf6 Bxf6 9. cxd5 exd5 10. 0-0-0 Nd7 11. Bd3 h6 12. g4 c5 13. Rdg1 cxd4 14. exd4 Bg5+ 15. Kb1 Bf4 16. g5 h5 17. g6 Nf6 18. Rg2 Rc8 19. Rhg1 Ne4 20. Bxe4 dxe4 21. Qb3 Qf6 22. gxf7+ Rxf7 23. Rg6 Qxg6 24. Rxg6 exf3 25. Re6 Rcc7 26. d5 Rcd7 27. Re8+ Kh7 28. Qc2+ g6 29. Re6 Rf5 30. Qe4 Rg7 31. Qxf3 Bd2 32. Qe2 Bxc3 33. bxc3 Bxd5 34. Re7 Bf7 35. Qe3 Ra5 36. Kc1 Rxa2 37. Qf4 Bg8 38. Rxg7+ Kxg7 39. Qe5+ Kf8 40. Qd6+ Kg7 1/2-1/2

[Event "Belgrade-chT"]
[Site "Belgrade"]
[Date "2005.10.04"]
[Round "4"]
[White "Vucinic, Pero"]
[Black "Asik, Josip"]
[Result "1-0"]
[WhiteElo "2296"]
[BlackElo "2314"]
[PlyCount "51"]
[EventDate "2005.10.01"]
[EventType "team-tourn"]
[EventRounds "9"]
[EventCountry "YUG"]
[SourceTitle "CBM 108 Extra"]
[Source "ChessBase"]
[SourceDate "2005.11.04"]
[SourceVersion "1"]
[SourceVersionDate "2005.11.04"]
[SourceQuality "1"]

1. e4 e6 2. d4 d5 3. Nd2 Ne7 4. c3 g6 5. Bd3 Bg7 6. h4 h6 7. f4 h5 8. Ngf3 Nd7 9. Qe2 Nf6 10. Ne5 dxe4 11. Nxe4 Nxe4 12. Bxe4 c6 13. Be3 Nf5 14. Bf2 Bf6 15. g3 Kf8 16. 0-0-0 Qc7 17. Rdg1 Bd7 18. g4 hxg4 19. Qxg4 Be8 20. h5 Ke7 21. hxg6 fxg6 22. Rxh8 Bxh8 23. Rh1 Bf7 24. Rh7 Bxe5 25. dxe5 Rg8 26. Bxf5 1-0

[Event "SCG-chT 48th"]
[Site "Herceg Novi"]
[Date "2005.05.20"]
[Round "6"]
[White "Savic, Miomir"]
[Black "Vucinic, Pero"]
[Result "0-1"]
[WhiteElo "2269"]
[BlackElo "2300"]
[PlyCount "120"]
[EventDate "2005.05.15"]
[EventType "team"]
[EventRounds "7"]
[EventCountry "YUG"]
[SourceTitle "CBM 106 Extra"]
[Source "ChessBase"]
[SourceDate "2005.07.01"]
[SourceVersion "1"]
[SourceVersionDate "2005.07.01"]
[SourceQuality "1"]

1. d4 Nf6 2. c4 e6 3. Nf3 d5 4. Nc3 Be7 5. Bf4 0-0 6. e3 c6 7. Bd3 b6 8. cxd5 exd5 9. Ne5 Bb7 10. Rc1 c5 11. 0-0 Nc6 12. dxc5 bxc5 13. Nxc6 Bxc6 14. Bg5 Qd7 15. Qe2 Rab8 16. Rfd1 Qe6 17. b3 Rb4 18. h3 h6 19. Bf4 c4 20. Bc2 Rc8 21. Bg3 Bb7 22. Qd2 Rb6 23. Na4 Rbc6 24. b4 c3 25. Qe2 Bxb4 26. Qb5 Bd6 27. Bxd6 Ba6 28. Qa5 Qxd6 29. Bf5 Qc7 30. Qxc7 R8xc7 31. Rd4 g6 32. Bc2 Bc4 33. Ra1 Ra6 34. Nxc3 Ra3 35. Na4 Rxa2 36. Rxa2 Bxa2 37. Bd3 Rc1+ 38. Kh2 Bc4 39. Bxc4 Rxc4 40. f3 Kf8 41. Nb2 Rxd4 42. exd4 Ke7 43. Kg3 Kd6 44. Kf4 Kc6 45. Nd3 Nd7 46. Nb4+ Kd6 47. Na6 Nb6 48. h4 Nd7 49. h5 Nf8 50. hxg6 fxg6 51. Ke3 Ne6 52. f4 Nc7 53. Nc5 Ne6 54. Na6 h5 55. g3 Ng7 56. Kf3 Nf5 57. g4 Nxd4+ 58. Kg3 hxg4 59. Kxg4 Nc6 60. f5 gxf5+ 0-1